[Event "Colonia de Sant Jordi op 2nd"]
[Site "Colonia de Sant Jordi"]
[Date "2023.06.12"]
[Round "3"]
[White "Rossello Sanchez, Bartolome"]
[Black "Vilar Lopez, Monica"]
[Result "1-0"]
[WhiteElo "1635"]
[BlackElo "1969"]
[PlyCount "49"]
[EventDate "2023.06.10"]
[EventType "swiss"]
[EventRounds "9"]
[EventCountry "ESP"]
[SourceTitle "CBM 214 Extra"]
[Source "ChessBase"]
[SourceDate "2023.07.31"]
[SourceVersion "1"]
[SourceVersionDate "2023.07.31"]
[SourceQuality "1"]

1. d4 d5 2. Bf4 Nf6 3. e3 e6 4. Nf3 Bd6 5. Bg3 0-0 6. Nbd2 b6 7. Bd3 Bb7 8. Ne5 c5 9. c3 Nc6 10. f4 Rc8 11. Bh4 Be7 12. Bxf6 Bxf6 13. Qg4 Bxe5 14. fxe5 f5 15. exf6 Qxf6 16. Nf3 cxd4 17. 0-0 Qh6 18. Ng5 Ne5 19. Bxh7+ Kh8 20. Qg3 Nc4 21. Bd3 Kg8 22. exd4 Nd2 23. Bh7+ Kh8 24. Rf7 Ba6 25. Qf4 1-0

[Event "Colonia de Sant Jordi op 2nd"]
[Site "Colonia de Sant Jordi"]
[Date "2023.06.11"]
[Round "2"]
[White "Vilar Lopez, Monica"]
[Black "Gastanares Lopez, Javier"]
[Result "0-1"]
[WhiteElo "1969"]
[BlackElo "2005"]
[PlyCount "48"]
[EventDate "2023.06.10"]
[EventType "swiss"]
[EventRounds "9"]
[EventCountry "ESP"]
[SourceTitle "CBM 214 Extra"]
[Source "ChessBase"]
[SourceDate "2023.07.31"]
[SourceVersion "1"]
[SourceVersionDate "2023.07.31"]
[SourceQuality "1"]

1. e4 e5 2. Nf3 Nf6 3. Nc3 Bb4 4. Bc4 Bxc3 5. dxc3 d6 6. h3 Nbd7 7. Be3 b6 8. Bd5 Rb8 9. 0-0 Nxd5 10. exd5 Ba6 11. Re1 0-0 12. b3 h6 13. c4 f5 14. g3 g5 15. Kh2 Qf6 16. Qe2 Rbe8 17. Nd2 Kh7 18. c3 Qf7 19. Nf3 f4 20. Qc2+ Kh8 21. gxf4 gxf4 22. Bd2 Qh5 23. Rg1 Rg8 24. Qd3 Bc8 0-1

[Event "Colonia de Sant Jordi op-A"]
[Site "Colonia de Sant Jordi"]
[Date "2022.06.06"]
[Round "3"]
[White "Vilar Lopez, Monica"]
[Black "Herbold, Manfred"]
[Result "1/2-1/2"]
[WhiteElo "2045"]
[BlackElo "2031"]
[PlyCount "52"]
[EventDate "2022.06.04"]
[EventType "swiss"]
[EventRounds "9"]
[EventCountry "ESP"]
[SourceTitle "CBM 208 Extra"]
[Source "ChessBase"]
[SourceDate "2022.07.31"]
[SourceVersion "1"]
[SourceVersionDate "2022.07.31"]
[SourceQuality "1"]

1. e4 c5 2. Nc3 a6 3. g3 e6 4. Bg2 Nc6 5. f4 b5 6. Nf3 h5 7. 0-0 b4 8. Ne2 Be7 9. h3 Nf6 10. d3 d5 11. Ne5 Qc7 12. Nxc6 Qxc6 13. f5 dxe4 14. fxe6 Bxe6 15. Bg5 Rd8 16. Nf4 c4 17. Nxe6 fxe6 18. Bxf6 Bxf6 19. Bxe4 Qc5+ 20. Kh1 Ke7 21. Rb1 h4 22. g4 Rhf8 23. Qe2 cxd3 24. cxd3 Bg5 25. Rbe1 Rxf1+ 26. Rxf1 Rf8 1/2-1/2

[Event "Catalunya-chT Gp2"]
[Site "Barcelona"]
[Date "2022.03.12"]
[Round "8.9"]
[White "Vilar Lopez, Monica"]
[Black "Mangues Rubia, Alex"]
[Result "1/2-1/2"]
[WhiteElo "2042"]
[BlackElo "1834"]
[PlyCount "100"]
[EventDate "2022.01.22"]
[EventType "team-tourn"]
[EventRounds "9"]
[EventCountry "ESP"]
[SourceTitle "CBM 208 Extra"]
[Source "ChessBase"]
[SourceDate "2022.07.31"]
[SourceVersion "1"]
[SourceVersionDate "2022.07.31"]
[SourceQuality "1"]
[WhiteTeam "Figueres"]
[BlackTeam "Colon Ateneu"]
[WhiteTeamCountry "ESP"]
[BlackTeamCountry "ESP"]

1. e4 c5 2. Nc3 Nc6 3. g3 g6 4. Bg2 Bg7 5. d3 d6 6. f4 e6 7. Be3 Nge7 8. Nf3 0-0 9. 0-0 b6 10. Bf2 d5 11. e5 f6 12. exf6 Bxf6 13. Qd2 Qd6 14. Nb5 Qd7 15. Rae1 a6 16. Nc3 Qd6 17. Kh1 Nf5 18. g4 Nfd4 19. Bg3 Nxf3 20. Bxf3 Kg7 21. g5 Bxc3 22. Qxc3+ d4 23. Qd2 Qd7 24. Qg2 Bb7 25. Kg1 Rae8 26. Re2 Nd8 27. Be4 Rf7 28. Rfe1 Rfe7 29. h4 Bxe4 30. dxe4 Nc6 31. h5 e5 32. h6+ Kg8 33. f5 Nd8 34. Rf2 Nf7 35. Bh4 Nd6 36. Ref1 Rf7 37. fxg6 hxg6 38. Rf6 Kh7 39. Bg3 Ree7 40. Qe2 b5 41. R1f2 Rxf6 42. Rxf6 Ne8 43. Rf8 Nd6 44. Qf3 Rf7 45. Bxe5 Rxf8 46. Qxf8 Qg4+ 47. Kf1 Qd1+ 48. Kg2 Qe2+ 49. Kh1 Qh5+ 50. Kg2 Qe2+ 1/2-1/2

[Event "Catalunya-chT Gp2"]
[Site "Barcelona"]
[Date "2020.02.01"]
[Round "3.8"]
[White "Vilar Lopez, Monica"]
[Black "Avila Jimenez, Xavier"]
[Result "0-1"]
[WhiteElo "2065"]
[BlackElo "2170"]
[PlyCount "102"]
[EventDate "2020.01.18"]
[EventType "team-tourn"]
[EventRounds "7"]
[EventCountry "ESP"]
[SourceTitle "CBM 194 Extra"]
[Source "ChessBase"]
[SourceDate "2020.03.31"]
[SourceVersion "1"]
[SourceVersionDate "2020.03.31"]
[SourceQuality "1"]
[WhiteTeam "Figueres"]
[BlackTeam "Barcelona Escola Escacs"]
[WhiteTeamCountry "ESP"]
[BlackTeamCountry "ESP"]

1. e4 c6 2. d4 d5 3. Nc3 dxe4 4. Nxe4 Bf5 5. Ng3 Bg6 6. h4 h6 7. h5 Bh7 8. Nf3 Nd7 9. Bd3 Bxd3 10. Qxd3 e6 11. Bd2 Ngf6 12. 0-0-0 Be7 13. Kb1 Qb6 14. Rhe1 c5 15. d5 Nxd5 16. c4 N5f6 17. Bc3 0-0-0 18. Nf5 Bf8 19. Ng3 Be7 20. Nf5 Bf8 21. Ng3 Nb8 22. Qxd8+ Qxd8 23. Rxd8+ Kxd8 24. Ne5 Ke8 25. f4 Nbd7 26. f5 Nxe5 27. Bxe5 Kd7 28. fxe6+ fxe6 29. Ne4 Be7 30. Rd1+ Kc6 31. Nf2 Nxh5 32. Nd3 Rd8 33. Kc2 Nf6 34. Re1 Re8 35. Bc3 Bd6 36. Ne5+ Bxe5 37. Bxe5 Re7 38. Rd1 Rd7 39. Re1 Ng4 40. Bb8 e5 41. Bxe5 Re7 42. Bg3 Rxe1 43. Bxe1 Ne3+ 44. Kd3 Nxg2 45. Bg3 g5 46. Ke4 b5 47. cxb5+ Kxb5 48. Kf5 Ne3+ 49. Kg6 a5 50. Bc7 g4 51. Bf4 Nf1 0-1

[Event "Girona-ch"]
[Site "Sant Gregori"]
[Date "2019.10.13"]
[Round "1"]
[White "Olcina Monells, Jordi"]
[Black "Vilar Lopez, Monica"]
[Result "0-1"]
[WhiteElo "1579"]
[BlackElo "2058"]
[PlyCount "60"]
[EventDate "2019.10.13"]
[EventType "swiss"]
[EventRounds "9"]
[EventCountry "ESP"]
[SourceTitle "CBM 194 Extra"]
[Source "ChessBase"]
[SourceDate "2020.03.31"]
[SourceVersion "1"]
[SourceVersionDate "2020.03.31"]
[SourceQuality "1"]

1. e4 e6 2. d4 d5 3. Nc3 Bb4 4. e5 c5 5. a3 Bxc3+ 6. bxc3 Qc7 7. Nf3 Bd7 8. g3 Ba4 9. Ra2 c4 10. h4 Nc6 11. Bh3 h6 12. h5 Nge7 13. Nh4 0-0-0 14. f4 Kb8 15. 0-0 Ka8 16. Qe1 Rhg8 17. Kh1 Rdf8 18. Bd2 Nd8 19. f5 exf5 20. Nxf5 Nxf5 21. Bxf5 Bd7 22. g4 g6 23. Bxh6 Re8 24. Bxd7 Qxd7 25. g5 Qh3+ 26. Kg1 gxh5 27. Rf4 Ne6 28. Rh4 Qf3 29. Qf2 Nxg5 30. Kf1 Qd1+ 0-1

[Event "Figueres op 8th"]
[Site "Figueres"]
[Date "2018.12.28"]
[Round "4.1"]
[White "Vilar Lopez, Monica"]
[Black "Colls Gelaberto, Emilio"]
[Result "1/2-1/2"]
[WhiteElo "2047"]
[BlackElo "2086"]
[PlyCount "25"]
[EventDate "2018.12.27"]
[EventType "swiss"]
[EventRounds "8"]
[EventCountry "ESP"]
[SourceTitle "EXT 2024"]
[Source "ChessBase"]
[SourceDate "2023.10.10"]
[SourceVersion "1"]
[SourceVersionDate "2023.10.10"]
[SourceQuality "1"]

1. e4 e5 2. Nf3 Nc6 3. Bc4 Bc5 4. c3 Nf6 5. d4 exd4 6. cxd4 Bb4+ 7. Bd2 Nxe4 8. Bxb4 Nxb4 9. Bxf7+ Kxf7 10. Qb3+ Kf6 11. Qxb4 Qe7 12. Qxe7+ Kxe7 13. Nc3 1/2-1/2

[Event "Figueres op 8th"]
[Site "Figueres"]
[Date "2018.12.27"]
[Round "2.3"]
[White "Guell Barnada, Jordi"]
[Black "Vilar Lopez, Monica"]
[Result "0-1"]
[WhiteElo "1760"]
[BlackElo "2047"]
[PlyCount "76"]
[EventDate "2018.12.27"]
[EventType "swiss"]
[EventRounds "8"]
[EventCountry "ESP"]
[SourceTitle "EXT 2024"]
[Source "ChessBase"]
[SourceDate "2023.10.10"]
[SourceVersion "1"]
[SourceVersionDate "2023.10.10"]
[SourceQuality "1"]

1. d4 d5 2. Bf4 Nf6 3. e3 Bf5 4. Nd2 e6 5. Ngf3 Be7 6. h3 0-0 7. Ne5 c5 8. g4 Bg6 9. Nxg6 fxg6 10. Be2 cxd4 11. Bd3 dxe3 12. Bxe3 Nc6 13. Qe2 Nb4 14. Bd4 Nxd3+ 15. cxd3 Kh8 16. 0-0 Qd7 17. Nf3 Bd6 18. Rae1 Rae8 19. Be5 Bxe5 20. Nxe5 Qa4 21. b3 Qb5 22. Qd1 Rc8 23. Nf3 Rc3 24. Re3 e5 25. Nxe5 d4 26. a4 Qd5 27. Re2 Rxb3 28. f4 Rc3 29. Nc4 Qd7 30. Rfe1 Nd5 31. Qa1 Nxf4 32. Rf2 Nxh3+ 33. Kh2 Rxf2+ 34. Kxh3 Rxd3+ 35. Ne3 Rxe3+ 36. Rxe3 dxe3 37. Qe5 h5 38. Qxe3 Qxg4# 0-1

[Event "Catalunya-chT Gp1"]
[Site "Barcelona"]
[Date "2018.02.03"]
[Round "3.9"]
[White "Vilar Lopez, Monica"]
[Black "Aranda Flores, Jordi"]
[Result "0-1"]
[WhiteElo "2022"]
[BlackElo "2144"]
[PlyCount "84"]
[EventDate "2018.01.20"]
[EventType "team-tourn"]
[EventRounds "7"]
[EventCountry "ESP"]
[SourceTitle "CBM 182 Extra"]
[Source "ChessBase"]
[SourceDate "2018.02.23"]
[SourceVersion "1"]
[SourceVersionDate "2018.02.23"]
[SourceQuality "1"]
[WhiteTeam "Olot"]
[BlackTeam "Tres Peons"]
[WhiteTeamCountry "ESP"]
[BlackTeamCountry "ESP"]

1. e4 d6 2. d4 g6 3. Nf3 Bg7 4. Be2 Nf6 5. Nc3 0-0 6. 0-0 c6 7. a4 Qc7 8. h3 Nbd7 9. Be3 b6 10. Nd2 e5 11. f4 exd4 12. Bxd4 Re8 13. Kh1 Nc5 14. e5 Nd5 15. Nc4 Nxc3 16. bxc3 Ne4 17. Kh2 d5 18. Nd2 c5 19. Nxe4 dxe4 20. Be3 Be6 21. Qe1 f6 22. exf6 Bxf6 23. Kh1 Qg7 24. Ra3 Rad8 25. Bb5 Rf8 26. Be2 Qd7 27. Bb5 Qc8 28. Qg3 Bg7 29. Be2 Qc7 30. Qh4 c4 31. Rfa1 Rd5 32. Bg4 Qd7 33. Be2 Ra5 34. Bd4 Bxd4 35. cxd4 Qxd4 36. Rd1 Qc5 37. Raa1 Qe3 38. Qe7 Bf7 39. Bg4 Qxf4 40. Rf1 Qe5 41. Rxf7 Qxa1+ 42. Kh2 Rxf7 0-1

[Event "Girona-ch "]
[Site "Girona"]
[Date "2017.11.19"]
[Round "7"]
[White "Horta Gafarot, Biel"]
[Black "Vilar Lopez, Monica"]
[Result "1/2-1/2"]
[WhiteElo "1832"]
[BlackElo "2039"]
[PlyCount "70"]
[EventDate "2017.10.08"]
[EventType "swiss"]
[EventRounds "9"]
[EventCountry "ESP"]
[SourceTitle "CBM 181 Extra"]
[Source "ChessBase"]
[SourceDate "2017.12.12"]
[SourceVersion "1"]
[SourceVersionDate "2017.12.12"]
[SourceQuality "1"]

1. e4 e6 2. d4 d5 3. Bd3 c5 4. exd5 exd5 5. Nf3 Nf6 6. 0-0 Be7 7. dxc5 0-0 8. Nbd2 Nc6 9. c3 Bxc5 10. Nb3 Bb6 11. h3 Qd6 12. Re1 Bxh3 13. Be3 Bxe3 14. Rxe3 Bg4 15. Be2 Rfe8 16. Rd3 Re7 17. Nfd4 Rae8 18. Bxg4 Nxg4 19. Rg3 Nh6 20. Qd2 Qf6 21. Rd1 Ne5 22. Qc1 Neg4 23. Nf3 Ne5 24. Nxe5 Rxe5 25. Nd4 Nf5 26. Nxf5 Qxf5 27. Qh6 g6 28. Rh3 Re1+ 29. Rxe1 Rxe1+ 30. Kh2 Qe5+ 31. f4 Qg7 32. Qg5 h5 33. Qxd5 Qf6 34. Qd2 Re4 35. Rf3 Qh4+ 1/2-1/2

[Event "Girona-ch"]
[Site "Banyoles"]
[Date "2016.11.13"]
[Round "7"]
[White "Vilar Lopez, Monica"]
[Black "Carrasco Holgado, David"]
[Result "1-0"]
[WhiteElo "2044"]
[BlackElo "2001"]
[PlyCount "53"]
[EventDate "2016.10.02"]
[EventType "swiss"]
[EventRounds "9"]
[EventCountry "ESP"]
[SourceTitle "EXT 2018"]
[Source "ChessBase"]
[SourceDate "2017.10.13"]
[SourceVersion "1"]
[SourceVersionDate "2017.10.13"]
[SourceQuality "1"]

1. e4 c5 2. Nc3 e6 3. g3 d5 4. d3 Nc6 5. Bg2 d4 6. Nce2 h5 7. h3 e5 8. f4 Nf6 9. Nf3 Bd6 10. 0-0 Bd7 11. c3 Qb6 12. Kh1 exf4 13. gxf4 Be7 14. e5 Ng4 15. Ng3 Nh6 16. f5 Nxf5 17. Nxf5 Bxf5 18. cxd4 cxd4 19. Bg5 Rd8 20. Qe2 g6 21. Bf6 0-0 22. Qd2 Bxf6 23. exf6 Nb4 24. Nh4 Qxf6 25. Nxf5 gxf5 26. Be4 Qh4 27. Rg1+ 1-0

[Event "Girona Territorial-ch"]
[Site "Girona"]
[Date "2014.11.09"]
[Round "6"]
[White "Vilar Lopez, Monica"]
[Black "Vidal Palou, Jordi"]
[Result "1-0"]
[WhiteElo "2220"]
[BlackElo "1934"]
[PlyCount "31"]
[EventDate "2014.10.05"]
[EventType "swiss"]
[EventRounds "9"]
[EventCountry "ESP"]
[SourceTitle "CBM 163 Extra"]
[Source "ChessBase"]
[SourceDate "2014.12.23"]
[SourceVersion "1"]
[SourceVersionDate "2014.12.23"]
[SourceQuality "1"]

1. e4 c5 2. g3 Nc6 3. Bg2 e5 4. d3 f5 5. Nc3 Nf6 6. f4 d6 7. Nf3 fxe4 8. dxe4 Nd4 9. f5 Be7 10. 0-0 Bd7 11. Bg5 Ng8 12. Nxd4 Bxg5 13. Qh5+ g6 14. fxg6 Be3+ 15. Kh1 Nf6 16. g7+ 1-0

[Event "Figueres op 15th"]
[Site "Figueres"]
[Date "2014.08.15"]
[Round "5"]
[White "Aymerich Verdaguer, Eduard"]
[Black "Vilar Lopez, Monica"]
[Result "1-0"]
[WhiteElo "2023"]
[BlackElo "2171"]
[PlyCount "67"]
[EventDate "2014.08.11"]
[EventType "swiss"]
[EventRounds "9"]
[EventCountry "ESP"]
[SourceTitle "CBM 162 Extra"]
[Source "ChessBase"]
[SourceDate "2014.10.17"]
[SourceVersion "1"]
[SourceVersionDate "2014.10.17"]
[SourceQuality "1"]

1. d4 d5 2. c4 e6 3. Nc3 c5 4. cxd5 exd5 5. Nf3 Nc6 6. g3 Nf6 7. Bg2 Be7 8. 0-0 0-0 9. Bg5 c4 10. e3 Re8 11. Nd2 Be6 12. a3 a6 13. b3 Qa5 14. Qc1 Rec8 15. bxc4 dxc4 16. Bxf6 Bxf6 17. Ne2 Rab8 18. Nf4 b5 19. Ne4 Ne7 20. Nxf6+ gxf6 21. Nh5 Qd8 22. Nxf6+ Kg7 23. Nh5+ Kg8 24. d5 Nxd5 25. Bxd5 Bxd5 26. Qc3 f6 27. Qxf6 Rb7 28. Rad1 Rf7 29. Qxd8+ Rxd8 30. e4 Rf3 31. exd5 Rxa3 32. Ra1 Rxa1 33. Rxa1 Rxd5 34. Rxa6 1-0

[Event "Figueres op 15th"]
[Site "Figueres"]
[Date "2014.08.12"]
[Round "2"]
[White "Vilar Lopez, Monica"]
[Black "Oliva Castaneda, Kevel"]
[Result "0-1"]
[WhiteElo "2171"]
[BlackElo "2446"]
[PlyCount "62"]
[EventDate "2014.08.11"]
[EventType "swiss"]
[EventRounds "9"]
[EventCountry "ESP"]
[SourceTitle "CBM 162 Extra"]
[Source "ChessBase"]
[SourceDate "2014.10.17"]
[SourceVersion "1"]
[SourceVersionDate "2014.10.17"]
[SourceQuality "1"]

1. e4 c5 2. Nc3 e6 3. g3 d5 4. exd5 exd5 5. Bg2 Nf6 6. d4 cxd4 7. Nce2 Qa5+ 8. Bd2 Qb6 9. Nf3 Nc6 10. Rb1 Bf5 11. 0-0 Bd6 12. Bf4 Bxf4 13. Nxf4 0-0 14. Nd3 Rac8 15. a3 Rc7 16. Re1 Rfc8 17. Nh4 Be4 18. f3 Bg6 19. Nxg6 hxg6 20. b4 Ne8 21. f4 Ne7 22. Bh3 Nf5 23. Bxf5 gxf5 24. Nc5 Qf6 25. Re5 Nd6 26. Qxd4 b6 27. Nb3 Rxc2 28. Rxd5 Qh6 29. Nd2 Ne4 30. Rd8+ Kh7 31. Nf3 Qh3 0-1

[Event "Palafrugell Gelpi Memorial 27th"]
[Site "Palafrugell"]
[Date "2012.10.27"]
[Round "6"]
[White "Vinardell Cruanas, Sergi"]
[Black "Vilar Lopez, Monica"]
[Result "0-1"]
[WhiteElo "2145"]
[BlackElo "2153"]
[PlyCount "86"]
[EventDate "2012.09.22"]
[EventType "swiss"]
[EventRounds "9"]
[EventCountry "ESP"]
[SourceTitle "EXT 2014"]
[Source "ChessBase"]
[SourceDate "2013.11.20"]
[SourceVersion "1"]
[SourceVersionDate "2013.11.20"]
[SourceQuality "1"]

1. e4 e6 2. d4 d5 3. Nc3 Bb4 4. e5 c5 5. a3 Bxc3+ 6. bxc3 Qc7 7. Nf3 b6 8. a4 Ba6 9. Bxa6 Nxa6 10. 0-0 Ne7 11. Qe2 Nb8 12. c4 dxc4 13. dxc5 bxc5 14. Qxc4 Nd7 15. Ba3 0-0 16. Qe4 Ng6 17. Rfe1 Rfd8 18. h4 h6 19. c4 Rab8 20. h5 Ne7 21. Rab1 Nc6 22. Qe3 Nb4 23. Qc3 a5 24. Red1 Nb6 25. Qb3 Qc6 26. Rxd8+ Rxd8 27. Rd1 Rd7 28. Rxd7 Qxd7 29. Bxb4 cxb4 30. c5 Nxa4 31. Qc4 Qc6 32. Qd4 Nxc5 33. Qd8+ Kh7 34. Qxa5 Nd3 35. Qa7 Qc1+ 36. Kh2 Qf4+ 37. Kg1 b3 38. Qa3 Qc4 39. Nd2 Qd4 40. Nxb3 Qxf2+ 41. Kh2 Qh4+ 42. Kg1 Qe1+ 43. Kh2 Qxe5+ 0-1